Diez acontecimientos que modelaron el FMI /
Guardado en:
| Hovedforfatter: | |
|---|---|
| Format: | Texto |
| Fag: | |
| Tags: |
Tilføj Tag
Ingen Tags, Vær først til at tagge denne postø!
|
MARC
| LEADER | 00000 a a2200000 04500 | ||
|---|---|---|---|
| 001 | 8121 | ||
| 003 | |||
| 040 | |||
| 100 | |a Boughton, James | ||
| 245 | |a Diez acontecimientos que modelaron el FMI / |c James Boughton | ||
| 650 | |a ECONOMIA | ||
| 650 | |a HISTORIA | ||
| 773 | |g volumen 34; páginas 6-10 | ||
| 999 | |c 33900 |d 33900 | ||
